Can You Name These 20 Random Countries? - Easy - Statistics

General Stats
  • This quiz has been taken 3,671 times
  • The average score is 19 of 20
Answers on the Map
Answers color-coded by a green-red scale on the quiz's map according to % correct below.
 
Answer Stats
Country % Correct
United States
100%
Australia
99%
Brazil
99%
Canada
99%
China
99%
India
99%
Italy
99%
Mexico
99%
Russia
99%
Argentina
98%
Chile
98%
France
98%
Japan
98%
United Kingdom
98%
Denmark
97%
Egypt
97%
Iceland
97%
Norway
97%
Spain
97%
Sweden
97%
Turkey
97%
Finland
96%
Indonesia
96%
Ireland
96%
Kazakhstan
96%
Mongolia
96%
Morocco
96%
Peru
96%
South Africa
96%
Germany
95%
New Zealand
95%
North Korea
95%
Philippines
95%
Portugal
95%
Cuba
94%
Iran
94%
Madagascar
94%
Poland
94%
South Korea
94%
Thailand
94%
Ukraine
94%
Algeria
93%
Bolivia
93%
Colombia
93%
Greece
93%
Nepal
93%
Netherlands
93%
Pakistan
93%
Saudi Arabia
93%
Venezuela
93%
Vietnam
93%
Belgium
92%
Libya
92%
Paraguay
92%
Sudan
92%
Uruguay
92%
Austria
91%
Iraq
90%
Panama
90%
Switzerland
90%
Afghanistan
89%
Croatia
89%
Dem. Rep. of the Congo
89%
Hungary
89%
Romania
89%
Israel
88%
Czech Republic
87%
Niger
87%
Syria
87%
Nigeria
85%
Haiti
83%
Kenya
83%
Republic of the Congo
81%
No matching quizzes found
Score Distribution
Percent of People with Each Score
Percentile by Number Answered
Your Score History
You have not taken this quiz